00652nam a2200217Ia 450000500170000000800410001704000190005804100120007708200150008910000220010424500630012626000450018930000200023450400180025465000120027265100140028485000100029894200070030899900170031595201020033220221013110817.0131103s9999 xx 000 0 und d aLoreto College aEnglish a152.8bEDW aEdwards, Allen L. aTechniques of atitude scale constructioncAllen L. Edwards aBombaybVakils, Feffer and Simonsc1957c axiii,256pb ill aInclude index aAtitude aPsycholoy aLCLIB cBK c19242d69721 00102ddc4070aMAINbMAINd2013-11-04l0o152.8 EDW 20539pB20236r2013-11-04w2013-11-04yBKf